Joueur de football le plus Précieux de chaque année - Statistiques

Statistiques générales
  • Ce quiz a été pris 152 fois
  • Le résultat moyen est 26 sur 26
Statistiques - réponses
Année Valeur marchande (M €) Nationalité Joueur % Correct
2009 70 Portugal Cristiano Ronaldo
100%
2014 120 Portugal Cristiano Ronaldo
100%
2015 120 Portugal Cristiano Ronaldo
100%
2018 200 France Kylian Mbappé
100%
2019 200 France Kylian Mbappé
100%
2020 200 France Kylian Mbappé
100%
2021 160 France Kylian Mbappé
100%
2022 180 France Kylian Mbappé
100%
2023 180 France Kylian Mbappé
100%
2023 180 Norvège Erling Haaland
99%
2024 200 Norvège Erling Haaland
99%
2009 70 Argentine Lionel Messi
99%
2010 100 Argentine Lionel Messi
99%
2011 100 Argentine Lionel Messi
99%
2012 120 Argentine Lionel Messi
99%
2013 120 Argentine Lionel Messi
99%
2014 120 Argentine Lionel Messi
99%
2015 120 Argentine Lionel Messi
99%
2016 120 Argentine Lionel Messi
99%
2025 200 Espagne Yamine Yamal
99%
2017 150 Brésil Neymar
98%
2004 50 Brésil Ronaldinho
95%
2005 50 Brésil Ronaldinho
95%
2006 70 Brésil Ronaldinho
95%
2007 80 Brésil Ronaldinho
95%
2008 80 Brésil Ronaldinho
95%
Aucun quiz correspondant
Distribution des résultats
% des personnes avec chaque résultat
Percentile par nombre de réponses
Votre historique - résultats
Vous n’avez pas pris ce quiz